00979nam a2200205Ia 4500003000400000005001700004008004100021040002100062041000800083082002800091110002300119245008100142260004400223300008900267500000600356505029700362650003800659650003700697650003900734OSt20210729144354.0210310s2009 ck aodbgr 000 0 spa d aCO-JMCRcCO-JMCR0 aspa04a338.986105 /bP964i2232 aProexport Colombia10aInvierta en Colombia : btrabajo, compromiso, ingenio / cProexport Colombia aBogotá : bProexport Colombia, c2009 a33 páginas : bilustraciones, fotografías, gráficas y mapas a color ; c20 cm. a 0 aRazones para invertir en Colombia -- Agroindustria -- Automotriz -- Cosméticos y ase personal -- Tecnologías de información y comunicaciones (TICs)-BPO&O -- Turismo -- Fondos de capital privado -- Programa de transformación productiva -- Servicios de PROEXPORT para los inversionistas14aCrecimiento económicozColombia24aProducto interno brutozColombia24aCondiciones económicaszColombia